[Event "IRI-ch U16"]
[Site "Chess.com INT"]
[Date "2021.01.16"]
[Round "9"]
[White "Afri, Mostafa"]
[Black "Ghadi Sahebi, Hosein"]
[Result "0-1"]
[WhiteElo "1378"]
[BlackElo "1817"]
[PlyCount "96"]
[EventDate "2021.01.16"]
[EventType "swiss"]
[EventRounds "11"]
[EventCountry "IRI"]
[SourceTitle "EXT 2022"]
[Source "ChessBase"]
[SourceDate "2021.10.06"]
[SourceVersion "1"]
[SourceVersionDate "2021.10.06"]
[SourceQuality "1"]

1. d4 Nf6 2. Nf3 d5 3. Bf4 e6 4. e3 c5 5. c3 Nc6 6. Bd3 Bd6 7. Bg3 0-0 8. Nbd2 Qe7 9. 0-0 e5 10. dxe5 Nxe5 11. Nxe5 Bxe5 12. Nf3 Bxg3 13. hxg3 Ne4 14. Nd2 Nxg3 15. Re1 Ne4 16. Nxe4 dxe4 17. Bc4 Be6 18. Qb3 Bxc4 19. Qxc4 a6 20. a4 Rad8 21. Rad1 Kh8 22. Kf1 f5 23. Ke2 h6 24. Rd5 Rxd5 25. Qxd5 f4 26. exf4 Rxf4 27. Ke3 Rg4 28. Rd1 Kh7 29. Qf5+ Rg6 30. Rd7 Qg5+ 31. Qxg5 Rxg5 32. Rxb7 Rxg2 33. Rb6 Rg6 34. Rxg6 Kxg6 35. Kxe4 c4 36. Kd4 h5 37. Kxc4 h4 38. Kb4 h3 39. c4 h2 40. c5 h1Q 41. Ka5 Qf1 42. c6 Qxf2 43. Kxa6 Qc5 44. Kb7 Qb4+ 45. Kc8 Kf7 46. c7 Ke7 47. a5 Qxa5 48. b4 Qa8# 0-1

[Event "IRI-ch U16"]
[Site "Chess.com INT"]
[Date "2021.01.16"]
[Round "1"]
[White "Hamed, Mohamad Mahdi"]
[Black "Ghadi Sahebi, Hosein"]
[Result "0-1"]
[WhiteElo "1267"]
[BlackElo "1817"]
[PlyCount "64"]
[EventDate "2021.01.16"]
[EventType "swiss"]
[EventRounds "11"]
[EventCountry "IRI"]
[SourceTitle "EXT 2022"]
[Source "ChessBase"]
[SourceDate "2021.10.06"]
[SourceVersion "1"]
[SourceVersionDate "2021.10.06"]
[SourceQuality "1"]

1. d4 d5 2. c4 c6 3. Nf3 Nf6 4. Nc3 a6 5. e3 e6 6. Bd3 Be7 7. 0-0 0-0 8. Qc2 dxc4 9. Bxc4 b5 10. Be2 Bb7 11. e4 c5 12. e5 Nfd7 13. dxc5 Nxc5 14. Rd1 Qc8 15. Bg5 Nc6 16. Bxe7 Nxe7 17. a3 Qc7 18. Rac1 Rac8 19. Re1 Nf5 20. g4 Ne7 21. Ng5 Ng6 22. h4 Qxe5 23. Nxh7 Kxh7 24. h5 Qf4 25. Bd1 Rfd8 26. hxg6+ fxg6 27. Re3 Rh8 28. Rh3+ Kg8 29. Rxh8+ Kxh8 30. Rb1 Ne4 31. Qd3 Qxf2+ 32. Kh1 Ng3# 0-1

[Event "IRI-ch U16"]
[Site "Chess.com INT"]
[Date "2021.01.16"]
[Round "3"]
[White "Taheri, Eliya"]
[Black "Ghadi Sahebi, Hosein"]
[Result "1-0"]
[WhiteElo "1591"]
[BlackElo "1817"]
[PlyCount "89"]
[EventDate "2021.01.16"]
[EventType "swiss"]
[EventRounds "11"]
[EventCountry "IRI"]
[SourceTitle "EXT 2022"]
[Source "ChessBase"]
[SourceDate "2021.10.06"]
[SourceVersion "1"]
[SourceVersionDate "2021.10.06"]
[SourceQuality "1"]

1. e4 c5 2. Nf3 d6 3. d4 cxd4 4. Nxd4 Nf6 5. Nc3 a6 6. Be2 e5 7. Nb3 Be7 8. Be3 Be6 9. Nd5 Nxd5 10. exd5 Bf5 11. Bd3 Bxd3 12. Qxd3 0-0 13. 0-0 f5 14. f4 Nd7 15. c4 g5 16. fxg5 Bxg5 17. Rae1 f4 18. Bc1 Kh8 19. Nd2 Nc5 20. Qh3 Rg8 21. b4 Nd7 22. Ne4 Nf6 23. Kh1 Qe7 24. Bb2 a5 25. c5 Nxe4 26. Rxe4 dxc5 27. Rxe5 Qg7 28. Re7 Bxe7 29. Bxg7+ Rxg7 30. Qe6 axb4 31. d6 Bf8 32. d7 Rd8 33. Rd1 b5 34. Qe8 Rgxd7 35. Qe5+ Kg8 36. Qe6+ Kh8 37. Rxd7 Rxd7 38. Qxd7 c4 39. Qxb5 c3 40. Qc4 Kg7 41. Kg1 Bd6 42. Qd4+ Kf7 43. Qxd6 c2 44. Qc5 b3 45. axb3 1-0